| 000 | 00665nam a2200217 i 4500 | ||
|---|---|---|---|
| 001 | 90696 | ||
| 003 | ES-MaACL | ||
| 005 | 20230906180533.0 | ||
| 007 | t| | ||
| 008 | 050124s1968 sp ||||1| spa d | ||
| 100 | 1 |
_aLentz, J. _971553 |
|
| 245 | 1 | 0 |
_aManual práctico de albañilería y de hormigón armado / _cJ. Lentz ; [traducido por Diorki]. |
| 260 |
_aMadrid : _bParaninfo, _c1968. |
||
| 300 |
_a211 p. ; _c17 cm. |
||
| 490 | 1 | _aFormación Profesional Práctica | |
| 650 | 4 |
_aAlbañilería. _9135545 |
|
| 710 | 2 |
_aDiorki. _93392 |
|
| 830 | 0 |
_aFormación Profesional Práctica _9184166 |
|
| 852 |
_aES-MaACL _jC-36885 _bR.66437 |
||
| 999 |
_c90696 _d90696 |
||